Normal view
MARC view
Entry Geographic Name
001 - CONTROL NUMBER
- control field: 31493
003 - CONTROL NUMBER IDENTIFIER
- control field: ARRUPE
005 - DATE AND TIME OF LATEST TRANSACTION
- control field: 20170529123209.0
008 - FIXED-LENGTH DATA ELEMENTS
- fixed length control field: 170529|| aca||aabn | a|a d
040 ## - CATALOGING SOURCE
- Original cataloging agency: ARRUPE
- Transcribing agency: ARRUPE
151 ## - HEADING--GEOGRAPHIC NAME
- Geographic name: South Africa
- General subdivision: Politics and government
- Chronological subdivision: 1994-
670 ## - SOURCE DATA FOUND
- Source citation: Work cat.: (ARRUPE)66036: Gevisser, Mark. 31491, Thabo Mbeki :, 2007.